| 000 | 00421nam a22001697a 4500 | ||
|---|---|---|---|
| 005 | 20160524160709.0 | ||
| 008 | 160524b xxu||||| |||| 00| 0 eng d | ||
| 020 | _a81-8054-258-0 | ||
| 041 | _aeng | ||
| 082 | _b4729 | ||
| 100 |
_aMaheshwari, S.N. and S.K. _91171 |
||
| 245 | _aFinancial and Cost Accounting | ||
| 260 |
_aNew Delhi _bAcademic Faundation |
||
| 300 | _aD-160 | ||
| 650 |
_aManagement _9241 |
||
| 942 | _cBK | ||
| 999 |
_c1600 _d1599 |
||